Normal view
MARC view
- Grigg, Neil S.
Entry Personal Name
001 - CONTROL NUMBER
- control field: 24958
003 - CONTROL NUMBER IDENTIFIER
- control field: NUST
005 - DATE AND TIME OF LATEST TRANSACTION
- control field: 20191029154036.0
008 - FIXED-LENGTH DATA ELEMENTS
- fixed length control field: 191029|| aca||aabn | a|a d
040 ## - CATALOGING SOURCE
- Original cataloging agency: NUST
- Transcribing agency: NUST
100 ## - HEADING--PERSONAL NAME
- Personal name: Grigg, Neil S.
670 ## - SOURCE DATA FOUND
- Source citation: Work cat.: (NUST)0: Grigg, Neil S., Economics and finance for engineers and planners :, c2010.
